000 01453nam a2200313 a 4500
001 000048806
003 DO-SdBNP
005 20210505132550.0
008 190412s2018 dr ac 000 0 spa d
020 _a9789945462241
040 _aDO-SdBNP
_bspa
_cBNPHU
082 4 _a327.7293
_bR426d
_222
245 0 0 _aRepública Dominicana en las Naciones Unidas, 1945-2018 :
_bpresencia dominicana en las naciones unidas, un documento para la historia /
_c[compilador] Amín Concepción Cruz Almánzar ; presentación Miguel Vargas Maldonado ; prólogo y corrección Yldefonso Lagares ;
260 _aSanto Domingo :
_bMinisterio de Relaciones Exteriores,
_c2018.
300 _a606 p. :
_bil., retrs. ;
_c23 cm.
500 _aIncluye datos biográficos del autor en las solapas
504 _aBibliografía : p. 605-606
590 _aInventariado, 2019/LP
610 2 4 _aNaciones Unidas
_978496
650 4 _aDocumentos diplomáticos
_zRepública Dominicana
_y1945-2018
_978497
651 4 _aRepública Dominicana
_xRelaciones exteriores
_9170
_y1945-2018
651 4 _aRepública Dominicana
_xPolítica gobierno
_915826
_y1945-2018
700 1 _aCruz Almánzar, Concepción Amín,
_d1954-
_ecomp.
_976259
700 1 _aVargas, Miguel,
_epresent.
_975083
700 1 _aLagares, Yldefonso,
_epról.
_976260
710 1 _aRepública Dominicana.
_bMinisterio de Relaciones Exteriores.
_972686
910 _aL/P/Validado.Control de calidad MFF
942 _2ddc
_cLBS1
999 _c48294
_d48294